Aspects of memory / (Record no. 329942)

000 -LEADER
fixed length control field 01102cam a2200325 i 4500
001 - CONTROL NUMBER
control field 1814851
003 - CONTROL NUMBER IDENTIFIER
control field NUST
005 - DATE AND TIME OF LATEST TRANSACTION
control field 20180117090026.0
008 - FIXED-LENGTH DATA ELEMENTS--GENERAL INFORMATION
fixed length control field 790329s1978 enka b 001 0 eng
010 ## - LIBRARY OF CONGRESS CONTROL NUMBER
LC control number 79302119
015 ## - NATIONAL BIBLIOGRAPHY NUMBER
National bibliography number GB***
020 ## - INTERNATIONAL STANDARD BOOK NUMBER
International Standard Book Number 0416705502 :
Terms of availability £8.00
020 ## - INTERNATIONAL STANDARD BOOK NUMBER
International Standard Book Number 0416713505 (pbk.)
040 ## - CATALOGING SOURCE
Original cataloging agency DLC
Transcribing agency DLC
Modifying agency DLC
050 00 - LIBRARY OF CONGRESS CALL NUMBER
Classification number BF371
Item number .A7
082 00 - DEWEY DECIMAL CLASSIFICATION NUMBER
Classification number 153.1/2
245 00 - TITLE STATEMENT
Title Aspects of memory /
Statement of responsibility, etc. edited by Michael M. Gruneberg and Peter Morris.
260 ## - PUBLICATION, DISTRIBUTION, ETC.
Place of publication, distribution, etc. London :
Name of publisher, distributor, etc. Methuen,
Date of publication, distribution, etc. 1978.
300 ## - PHYSICAL DESCRIPTION
Extent xii, 220 p. :
Other physical details ill. ;
Dimensions 23 cm.
440 #0 - SERIES STATEMENT/ADDED ENTRY--TITLE
Title Psychology in progress
9 (RLIN) 1777
504 ## - BIBLIOGRAPHY, ETC. NOTE
Bibliography, etc. note Includes bibliographies and indexes.
650 #0 - SUBJECT ADDED ENTRY--TOPICAL TERM
Topical term or geographic name entry element Memory.
9 (RLIN) 1778
650 #0 - SUBJECT ADDED ENTRY--TOPICAL TERM
Topical term or geographic name entry element Memory disorders.
9 (RLIN) 1779
650 #0 - SUBJECT ADDED ENTRY--TOPICAL TERM
Topical term or geographic name entry element Memory in children.
9 (RLIN) 1780
700 1# - ADDED ENTRY--PERSONAL NAME
Personal name Gruneberg, Michael M.
9 (RLIN) 1781
700 1# - ADDED ENTRY--PERSONAL NAME
Personal name Morris, Peter E.
Fuller form of name (Peter Edwin),
Dates associated with a name 1947-
9 (RLIN) 1782
906 ## - LOCAL DATA ELEMENT F, LDF (RLIN)
a 7
b cbc
c orignew
d 3
e ncip
f 19
g y-gencatlg
942 ## - ADDED ENTRY ELEMENTS (KOHA)
Source of classification or shelving scheme
Koha item type Book
Holdings
Withdrawn status Lost status Source of classification or shelving scheme Damaged status Not for loan Collection code Permanent Location Current Location Shelving location Date acquired Total Checkouts Full call number Barcode Date last seen Date last checked out Price effective from Koha item type
            Central Library (CL) Central Library (CL) General Stacks 06/01/2017 1 153.1/2 ASP S3H-D-244 05/03/2026 01/03/2026 06/01/2017 Book
© 2023 Central Library, National University of Sciences and Technology. All Rights Reserved.